000 00304nam a2200133Ia 4500
082 _a611
_bH1986B
100 _aBAJDAI,R.N.
245 _aHUMAN OSTEOLOGY
250 _a1ST
260 _bJAYPEE MEDICAL PUBLISHER
_aDARYAGANJ(DELHI)
_c1986
300 _a1-203
650 _aHUMAN OSTEOLOGY
942 _2ddc
_cBK
999 _c2471
_d2471